| 000 | 00989cab a2200265 4500 | ||
|---|---|---|---|
| 001 | ABS60087 | ||
| 008 | 090401t1999 xxu||||| |||| 00| 0 eng d | ||
| 035 | _a(Sirsi) u91315 | ||
| 041 | _aeng | ||
| 100 | _aLewis, S. | ||
| 245 | _aDirect payment or bust | ||
| 260 | _c1999 | ||
| 350 | _a0 | ||
| 490 |
_aBuilding _v264(8074) 12 February 1999, 64(1) |
||
| 520 | _aDiscusses the confusion surrounding the issue of direct payments to subcontractors in the event of a contractor`s insolvency, and argues that contracts should include an appropriately worded provision to address the problem. Suggests that the best solution would be for the government to amend the Insolvency Act 1986. | ||
| 650 | _aBRITISH EAGLE V AIR FRANCE | ||
| 650 |
_aContracts _96232 |
||
| 650 | _aDIRECT PAYMENTS | ||
| 650 | _aINSOLVENCY ACT 1986 | ||
| 650 |
_aInsolvency _96247 |
||
| 650 | _aSUBCONTRACTORS | ||
| 690 | _aBUILT ENVIRONMENT-BUILDING CONTRACT FORMS | ||
| 942 | _n0 | ||
| 948 | _c12/02/1999 | ||
| 999 |
_c57952 _d57952 |
||